00314nam a2200121Ia 4500008004100000020002200041041000800063082002700071100001900098245003100117260003600148300000800184230411s9999 xx 000 0 und d a978-81-8448-815-9 aeng aF/610.73069/RAJ/B06130 aRajinikanth AM aManual Handling for Nurses bJaypee BrothersaSt Louisc2010 a98p